000
00285nam a22001337a 4500
008
171228b xxu||||| |||| 00| 0 eng d
020
_a
9780820564388
041
_a
eng
080
_2
6TH
_a
34
100
_a
14
101
_a
JUR
245
_a
COPYRIGHT LAW
_c
JOYCE,C
942
_2
udc
_c
BK
999
_c
39566
_d
39566